[Event "IX American Continental Classical Championship 201"]
[Site "Hotel Pipa AtlÃ¢ntico - Praia da Pipa - Rio Grande"]
[Date "2014.10.24"]
[Round "9"]
[Board "81"]
[White "Silva, Carolina Alves"]
[Black "Zimmermann, Kleber Renato P."]
[Result "0-1"]
[WhiteElo "1791"]
[BlackElo "1938"]
[PlyCount "88"]
[EventDate "2014.10.18"]
[EventRounds "11"]
[EventCountry "BRA"]

1. e4 c5 2. Nf3 d6 3. Bc4 e6 4. O-O a6 5. a4 Nc6 6. Re1 Be7 7. d3 Nf6 8. Be3
O-O 9. h3 Rb8 10. Nbd2 d5 11. Ba2 dxe4 12. Nxe4 Nxe4 13. dxe4 Nb4 14. Bf4 Ra8
15. Bb3 b6 16. Re2 Bb7 17. Qxd8 Rfxd8 18. Bc7 Rdc8 19. Bxb6 c4 20. Ba2 Nxa2 21.
Rxa2 c3 22. b3 a5 23. Re3 Ra6 24. Bd4 Bb4 25. Ra1 f6 26. e5 f5 27. Ne1 Rac6 28.
Nd3 Rd8 29. Nxb4 axb4 30. Rd1 Rcc8 31. Ree1 Be4 32. Re2 Rd7 33. f3 Bb7 34. Kf2
Rcd8 35. Ke3 Ba6 36. Rf2 f4+ 37. Kxf4 Rxd4+ 38. Rxd4 Rxd4+ 39. Ke3 Rd5 40. f4
h5 41. g4 Kh7 42. g5 Kg6 43. Rg2 Bf1 44. Rh2 Kf5 0-1

[Event "IX American Continental Classical Championship 201"]
[Site "Hotel Pipa AtlÃ¢ntico - Praia da Pipa - Rio Grande"]
[Date "2014.10.24"]
[Round "9"]
[Board "82"]
[White "Fragoso, Evander Correa"]
[Black "Vieira, Erico Vinicius Duarte"]
[Result "1-0"]
[WhiteElo "1913"]
[BlackElo "1520"]
[PlyCount "69"]
[EventDate "2014.10.18"]
[EventRounds "11"]
[EventCountry "BRA"]

1. d4 f5 2. e4 fxe4 3. Nc3 Nf6 4. Bg5 Nc6 5. d5 Ne5 6. Qd4 Nf7 7. h4 e5 8. dxe6
dxe6 9. Bxf6 Qxf6 10. O-O-O Qxd4 11. Rxd4 Bc5 12. Bb5+ c6 13. Rc4 Bxf2 14. Rxc6
O-O 15. Rc7 Bg3 16. Rc4 Bf4+ 17. Kb1 Nd6 18. Rb4 Nxb5 19. Rxb5 e3 20. Nge2 Bc7
21. Nd1 Bb6 22. Re5 Bd7 23. Re1 Rf5 24. Re4 Raf8 25. Nxe3 Bxe3 26. Rxe3 Rf1 27.
Nc3 R8f2 28. g3 Rxe1+ 29. Rxe1 Rg2 30. Ne4 Kf7 31. b4 Ke7 32. Re3 Ba4 33. Rc3
Kd8 34. Nc5 Bd7 35. Rd3 1-0

[Event "IX American Continental Classical Championship 201"]
[Site "Hotel Pipa AtlÃ¢ntico - Praia da Pipa - Rio Grande"]
[Date "2014.10.24"]
[Round "9"]
[Board "83"]
[White "Felix, Dieggo Guerra"]
[Black "Camara, Jose Arruda"]
[Result "1/2-1/2"]
[WhiteElo "1656"]
[BlackElo "1905"]
[PlyCount "80"]
[EventDate "2014.10.18"]
[EventRounds "11"]
[EventCountry "BRA"]

1. e4 e6 2. d4 d5 3. Nd2 c5 4. exd5 Qxd5 5. Ngf3 cxd4 6. Bc4 Qa5 7. O-O a6 8.
Nb3 Qc7 9. Qxd4 Nc6 10. Qf4 Qxf4 11. Bxf4 Nf6 12. c3 b5 13. Be2 Bb7 14. Nbd4
Bc5 15. Nxc6 Bxc6 16. Ne5 Bb7 17. Rad1 Nd5 18. Bg3 f6 19. Nd3 Bb6 20. Bf3 Kf7
21. Nf4 Rad8 22. Nxd5 Bxd5 23. Bxd5 Rxd5 24. Rxd5 exd5 25. Rd1 Rd8 26. Kf1 d4
27. cxd4 Rxd4 28. Rxd4 Bxd4 29. b3 Ke6 30. Ke2 Kd5 31. f3 a5 32. Kd3 Be5 33.
Bxe5 fxe5 34. a3 a4 35. bxa4 bxa4 36. h4 h5 37. Kc3 Kc5 38. Kd3 g6 39. Kc3 Kb5
40. Kd3 Kc5 1/2-1/2

[Event "IX American Continental Classical Championship 201"]
[Site "Hotel Pipa AtlÃ¢ntico - Praia da Pipa - Rio Grande"]
[Date "2014.10.24"]
[Round "9"]
[Board "84"]
[White "Ferreira, Jose Carlos"]
[Black "Dantas, Rhuan De Araujo"]
[Result "1-0"]
[WhiteElo "1884"]
[BlackElo "1719"]
[PlyCount "65"]
[EventDate "2014.10.18"]
[EventRounds "11"]
[EventCountry "BRA"]

1. d4 Nf6 2. c4 e6 3. e3 d5 4. cxd5 exd5 5. Bd3 Be7 6. Ne2 O-O 7. O-O b6 8.
Nbc3 Bb7 9. Nf4 c5 10. Re1 Nc6 11. dxc5 bxc5 12. Nfxd5 Ne5 13. Nxf6+ Bxf6 14.
Bc2 Qb6 15. Be4 Rad8 16. Qc2 g6 17. Rb1 Bxe4 18. Nxe4 Nd3 19. Nxf6+ Qxf6 20.
Rf1 Rd5 21. Bd2 Ne5 22. f3 Rfd8 23. Bc3 Qb6 24. Bxe5 Rxe5 25. e4 c4+ 26. Kh1
Qe3 27. Rbd1 Rb8 28. Rd7 Qc5 29. Rfd1 Re6 30. Qc3 Qb6 31. h3 Qxb2 32. Rd8+ Re8
33. Rxe8+ 1-0

[Event "IX American Continental Classical Championship 201"]
[Site "Hotel Pipa AtlÃ¢ntico - Praia da Pipa - Rio Grande"]
[Date "2014.10.24"]
[Round "9"]
[Board "85"]
[White "Carneiro, Jose Gildivan"]
[Black "Farias, Edilsom"]
[Result "0-1"]
[WhiteElo "1636"]
[BlackElo "1874"]
[PlyCount "62"]
[EventDate "2014.10.18"]
[EventRounds "11"]
[EventCountry "BRA"]

1. d4 Nf6 2. Bf4 e6 3. Nf3 c5 4. e3 Qb6 5. Nc3 Nc6 6. h3 cxd4 7. Nb5 Nd5 8. Bd6
dxe3 9. fxe3 Qxe3+ 10. Qe2 Bxd6 11. Nxd6+ Ke7 12. Nc4 Qxe2+ 13. Bxe2 Nf4 14.
Bf1 d5 15. Ncd2 Bd7 16. O-O-O Rac8 17. a3 Rhd8 18. g3 Ng6 19. Bg2 Nge5 20. Ne1
Nd4 21. Ndf3 Nexf3 22. Bxf3 Nxf3 23. Nxf3 Rc7 24. Rd2 Rdc8 25. Rhh2 Ba4 26. b3
Bxb3 27. Nd4 Ba4 28. Rhe2 Kf8 29. Rf2 Ke7 30. Rde2 Kd6 31. Rf4 Be8 0-1

[Event "IX American Continental Classical Championship 201"]
[Site "Hotel Pipa AtlÃ¢ntico - Praia da Pipa - Rio Grande"]
[Date "2014.10.24"]
[Round "9"]
[Board "88"]
[White "Feijo, Francisco Celio"]
[Black "Farias, Sergio Luiz Cardoso"]
[Result "1-0"]
[WhiteElo "1825"]
[BlackElo "1575"]
[PlyCount "113"]
[EventDate "2014.10.18"]
[EventRounds "11"]
[EventCountry "BRA"]

1. d4 d5 2. Bf4 Nc6 3. e3 Nf6 4. Nf3 Bg4 5. c3 Nh5 6. Bd3 Nxf4 7. exf4 e6 8.
Nbd2 Bd6 9. g3 O-O 10. Qc2 g6 11. h3 Bf5 12. Ne5 Ne7 13. O-O-O c5 14. dxc5 Bxc5
15. Kb1 Rc8 16. Ndf3 b5 17. Qe2 b4 18. c4 Qc7 19. cxd5 Nxd5 20. Bxf5 gxf5 21.
Nd4 Bxd4 22. Rxd4 Nc3+ 23. bxc3 bxc3 24. Ka1 c2 25. Nc4 Qb7 26. Rc1 Rb8 27.
Qxc2 Rfc8 28. Rb1 Qc6 29. Rxb8 Rxb8 30. Rd1 Rc8 31. Rc1 Qd5 32. a3 Qd4+ 33. Ka2
Qd5 34. h4 h5 35. Qb3 Kh7 36. Rc2 Qe4 37. a4 Qd5 38. Ne3 Rxc2+ 39. Nxc2 Qd2 40.
Ka3 Qxf2 41. Qc3 Qb6 42. a5 Qd6+ 43. Nb4 Kg6 44. Ka4 Qd7+ 45. Nc6 Qd1+ 46. Kb5
Qe2+ 47. Qc4 Qb2+ 48. Ka6 Qf2 49. Nxa7 Qxg3 50. Nc6 Qxh4 51. Kb7 Qe1 52. a6
Qb1+ 53. Qb4 Qd1 54. a7 Qd7+ 55. Kb6 Qe8 56. Qe7 Qh8 57. Ne5+ 1-0

[Event "IX American Continental Classical Championship 201"]
[Site "Hotel Pipa AtlÃ¢ntico - Praia da Pipa - Rio Grande"]
[Date "2014.10.24"]
[Round "9"]
[Board "90"]
[White "Da Silva Filho, Ibernon Luiz"]
[Black "Do Nascimento, Denner Leonardo"]
[Result "1-0"]
[WhiteElo "1716"]
[BlackElo "1555"]
[PlyCount "91"]
[EventDate "2014.10.18"]
[EventRounds "11"]
[EventCountry "BRA"]

1. c4 Nf6 2. Nc3 g6 3. e4 d6 4. d4 Bg7 5. Nf3 O-O 6. g3 Nbd7 7. Bg2 e5 8. O-O
Ne8 9. dxe5 Nxe5 10. Nxe5 Bxe5 11. f4 Bg7 12. Qb3 Rb8 13. Be3 b6 14. Rad1 Bb7
15. Nb5 a6 16. Nc3 Kh8 17. f5 Nf6 18. e5 Bxg2 19. Kxg2 Ng4 20. Bd4 Bxe5 21.
Bxe5+ Nxe5 22. Nd5 Ng4 23. Qc3+ f6 24. h3 Ne5 25. fxg6 hxg6 26. Rd4 Rf7 27.
Rh4+ Rh7 28. Rxh7+ Kxh7 29. Nxf6+ Kg7 30. Ng4 Qg5 31. Nxe5 Qxe5 32. Qxe5+ dxe5
33. Rd1 Rf8 34. Rd7+ Rf7 35. Rxf7+ Kxf7 36. Kf3 Kf6 37. Ke4 c5 38. h4 b5 39. b3
bxc4 40. bxc4 Ke6 41. g4 Kf6 42. h5 Kg5 43. hxg6 Kxg6 44. Kxe5 Kg5 45. Kd5 Kxg4
46. Kxc5 1-0

[Event "IX American Continental Classical Championship 201"]
[Site "Hotel Pipa AtlÃ¢ntico - Praia da Pipa - Rio Grande"]
[Date "2014.10.24"]
[Round "9"]
[Board "92"]
[White "Macedo, Luiz Soares De"]
[Black "Scardini, Leonardo"]
[Result "1-0"]
[WhiteElo "1649"]
[BlackElo "1522"]
[PlyCount "143"]
[EventDate "2014.10.18"]
[EventRounds "11"]
[EventCountry "BRA"]

1. e4 e5 2. Nf3 Nc6 3. Bb5 a6 4. Ba4 Nf6 5. d3 d6 6. Bg5 Be7 7. c3 O-O 8. O-O
b5 9. Bb3 Na5 10. Bc2 c5 11. Nbd2 Qc7 12. Rc1 Nc6 13. a3 Bb7 14. Re1 Rac8 15.
Bb1 Qd7 16. Qc2 Nd8 17. Ba2 Ne6 18. Bh4 Nf4 19. Bg3 Ng6 20. Nf1 Rfe8 21. Ng5
Rf8 22. Ne3 Ne8 23. Nf3 Bf6 24. Nf5 Ne7 25. N3h4 g6 26. Nh6+ Kg7 27. Qd2 Ng8
28. Nxg8 Kxg8 29. Nf3 Bg7 30. Bh4 Nf6 31. Bg5 c4 32. Bxf6 Bxf6 33. dxc4 bxc4
34. Re2 a5 35. Rd1 Rfd8 36. Ne1 Qb5 37. f3 Ba6 38. Qc1 Rb8 39. Red2 Rb6 40. Qc2
Bg5 41. Re2 Rdb8 42. Rb1 Bc8 43. g3 Be6 44. h4 Be7 45. Ng2 a4 46. Ne3 Bd8 47.
Rd2 Bc7 48. Nd5 Bxd5 49. Rxd5 Qc6 50. Qe2 Rb5 51. Rxb5 Rxb5 52. Bxc4 Rb8 53.
Kg2 Qc5 54. Rd1 Qb6 55. Rd2 Bd8 56. Bd5 Be7 57. Kh3 Qd8 58. Qc4 Qe8 59. Qc6 Qd8
60. Qxa4 Qb6 61. b4 Qe3 62. Qc2 Qxf3 63. Rf2 Qh1+ 64. Rh2 Qf1+ 65. Qg2 Qd3 66.
Qf2 Rf8 67. c4 Qxa3 68. b5 Kg7 69. h5 g5 70. h6+ Kg6 71. Qf5+ Kxh6 72. Kg4+ 1-0

[Event "IX American Continental Classical Championship 201"]
[Site "Hotel Pipa AtlÃ¢ntico - Praia da Pipa - Rio Grande"]
[Date "2014.10.24"]
[Round "9"]
[Board "95"]
[White "Dantas, Isaac Pereira"]
[Black "Born, Ary"]
[Result "1/2-1/2"]
[WhiteElo "1633"]
[BlackElo "1453"]
[PlyCount "62"]
[EventDate "2014.10.18"]
[EventRounds "11"]
[EventCountry "BRA"]

1. d4 Nf6 2. c4 g6 3. Nc3 Bg7 4. Nf3 d6 5. e4 O-O 6. Be2 e5 7. d5 a6 8. b4 b6
9. Qc2 Ne8 10. O-O f5 11. exf5 gxf5 12. Bb2 Nf6 13. a4 Nbd7 14. a5 Nh5 15. Rfe1
Bf6 16. Nxe5 Nf4 17. Nxd7 Bxd7 18. Bf1 Be5 19. Ne2 Qg5 20. Bxe5 dxe5 21. Nxf4
Qxf4 22. Re3 Rf6 23. Rae1 Rh6 24. g3 Rg6 25. Rxe5 Qh4 26. f4 Qxf4 27. Kh1 Qh6
28. Qf2 Rf8 29. Qf4 bxa5 30. bxa5 c5 31. Re7 Rf7 1/2-1/2